Los fines constitucionales del proceso penal como parámetros de control del principio de oportunidad : (Registro nro. 4704)
[ vista simple ]
| 000 -LEADER | |
|---|---|
| fixed length control field | 01256nam a2200253Ia 4500 |
| 003 - CONTROL NUMBER IDENTIFIER | |
| control field | OSt |
| 005 - DATE AND TIME OF LATEST TRANSACTION | |
| control field | 20200815003546.0 |
| 008 - FIXED-LENGTH DATA ELEMENTS--GENERAL INFORMATION | |
| fixed length control field | 191128s2006 ck gr 000 0 spa d |
| 020 ## - INTERNATIONAL STANDARD BOOK NUMBER | |
| International Standard Book Number | 9588059992 |
| 040 ## - CATALOGING SOURCE | |
| Original cataloging agency | CO-JMCR |
| Transcribing agency | CO-JMCR |
| 041 0# - LANGUAGE CODE | |
| Language code of text/sound track or separate title | spa |
| 082 04 - DEWEY DECIMAL CLASSIFICATION NUMBER | |
| Classification number | 345.05 / |
| Item number | U729f |
| Edition number | 23 |
| 100 1# - MAIN ENTRY--PERSONAL NAME | |
| Personal name | Urbano Martínez, José Joaquín, |
| Relator term | autor |
| 9 (RLIN) | 8831 |
| 245 14 - TITLE STATEMENT | |
| Title | Los fines constitucionales del proceso penal como parámetros de control del principio de oportunidad : |
| Remainder of title | reforma de la justicia penal en Colombia : encuentros y desencuentros entre los distintos ámbitos de la Función Pública / |
| Statement of responsibility, etc. | José Joaquín Urbano Martínez |
| 260 ## - PUBLICATION, DISTRIBUTION, ETC. | |
| Place of publication, distribution, etc. | Bogotá : |
| Name of publisher, distributor, etc. | Procuraduría General de la Nación, |
| Date of publication, distribution, etc. | 2006 |
| 300 ## - PHYSICAL DESCRIPTION | |
| Extent | 95 páginas ; |
| Dimensions | 16 cm. |
| 490 0# - SERIES STATEMENT | |
| Series statement | Colección de pensamiento jurídico ; |
| Volume/sequential designation | 19 |
| 504 ## - BIBLIOGRAPHY, ETC. NOTE | |
| Bibliography, etc. note | Bibliografía: página 95 |
| 505 0# - FORMATTED CONTENTS NOTE | |
| Formatted contents note | Los fines constitucionales del proceso penal como parámetros de control del principio de oportunidad -- Reforma de la justicia penal en Colombia: encuentros y desencuentros entre los distintos ámbitos de la función pública |
| 650 14 - SUBJECT ADDED ENTRY--TOPICAL TERM | |
| Topical term or geographic name entry element | Derecho penal |
| Geographic subdivision | Colombia |
| 9 (RLIN) | 8555 |
| 650 14 - SUBJECT ADDED ENTRY--TOPICAL TERM | |
| Topical term or geographic name entry element | Procedimiento penal |
| Geographic subdivision | Colombia |
| 9 (RLIN) | 8846 |
| 650 14 - SUBJECT ADDED ENTRY--TOPICAL TERM | |
| Topical term or geographic name entry element | Administración de justicia penal |
| Geographic subdivision | Colombia |
| 9 (RLIN) | 8819 |
| 942 ## - ADDED ENTRY ELEMENTS (KOHA) | |
| Source of classification or shelving scheme | Dewey Decimal Classification |
| Koha item type | Books |
| Withdrawn status | Lost status | Source of classification or shelving scheme | Damaged status | Not for loan | Collection code | Home library | Current library | Date acquired | Source of acquisition | Full call number | Barcode | Date last seen | Copy number | Koha item type |
|---|---|---|---|---|---|---|---|---|---|---|---|---|---|---|
| Dewey Decimal Classification | Non-fiction | Biblioteca Pública José María del Castillo y Rada | Biblioteca Pública José María del Castillo y Rada | 12/01/2017 | Donación | 345.05 / U729f | 230002351 | 05/16/2024 | Ej.1 | Books |